01021cam a22002651 4500001001300000003000400013005001700017008004100034010001700075035001800092040001900110042001200129050002500141110003600166245010900202260004500311300002800356490002600384500017100410650003800581700002800619700003500647810005600682999001700738l 39000121 DLC20260227111537.0720908s1939 xx 000 0 eng  al 39000121  a(OCoLC)401941 aDLCcOClUdDLC apremarc00aHD6093b.A35 no. 1611 aUnited States.bWomen's Bureau.10aWomen at work;ba century of industrial change...cUnited States Department of Labor. Women's Bureau... aWashington,bU.S.Govt.Print.Off.,c1939. aiii,80p.billus.c18cm.1 aIts Bulletinvno. 161 a"Written originally in 1933 by Eleanor Nelson... The present thorough revision as of early 1939, with a few later references, is the work of Rebecca Farnham."- p.ii. 0aWomenxEmploymentzUnited States.1 aNelson, Eleanor,d1906-1 aFarnham, Rebecca Tufts,d1903-1 aUnited States.bWomen's Bureau.tBulletinvno. 161. c36310d36310